000 00528nam a2200157 4500
001 121081
003 ES-MaACL
005 20230906191701.0
007 t|
008 070214s1965 sp r ||||1| spa d
100 1 _aPresa Santos, Juan José.
_993772
245 1 0 _aOrganización y estructuración de los servicios administrativos provinciales del Ministerio de Educación Nacional /
_cJuan José Presa Santos.
260 _aLogroño :
_bGrafesa,
_c1965.
300 _a118 p. ;
_c23 cm.
852 _aES-MaACL
_jC-28096
_bR.57548
999 _c121081
_d121081